| 000 | 00582nam a2200229Ia 4500 | ||
|---|---|---|---|
| 003 | OSt | ||
| 005 | 20220924144720.0 | ||
| 006 | a|||||r|||| 00| 0 | ||
| 007 | ta | ||
| 008 | 220923b |||||||| |||| 00| 0 urd d | ||
| 024 | _a320018 | ||
| 037 | _cTextual | ||
| 040 |
_aARTS _cARTS _burd |
||
| 041 |
_2urd _aurd |
||
| 082 | _aO168,6v, G0.1 | ||
| 100 |
_aMarharvi Ahsan Au. _9218274 |
||
| 245 | 0 | _aTareekh-e-nasr urdu | |
| 260 | _c1930 | ||
| 650 |
_aURDU PROSE _926866 |
||
| 942 |
_hO168,6v, G0.1 _cTEXL _2CC |
||
| 999 |
_c458067 _d458067 |
||